| 000 | 00847nam a2200205 i 4500 | ||
|---|---|---|---|
| 001 | 158911 | ||
| 003 | ES-MaACL | ||
| 005 | 20250722063151.0 | ||
| 008 | 970605s1894 sp |||| | spa d | ||
| 040 |
_aCLM _bspa _cCCPB | SIC |
||
| 100 | 1 |
_aMartín Mínguez, Bernardino, _d1849-post. 1920 _977573 |
|
| 245 | 1 | 0 |
_aSan Antolín de Palencia _b: disquisición de historia eclesiástica / _cBernardino Martín Minguez. |
| 260 |
_aMadrid : _b[s.n.], _c1894 ( _fEst. tipog. la Catalana) |
||
| 300 |
_a54 p. ; _c16 cm. |
||
| 530 | _aDisponible en formato digital. | ||
| 600 | 1 | 4 |
_aAntolín _cSanto. _9163809 |
| 852 |
_aES-MaACL _jT-759-F-1 _z-- Enc. hol. conservando la cub. original _z-- Enc. en un vol. facticio |
||
| 856 |
_uhttp://bdh-rd.bne.es/viewer.vm?id=0000130049&page=1 _zBiblioteca Digital Hispánica |
||
| 999 |
_c158911 _d158911 |
||